| 000 -LEADER |
| fixed length control field |
00543nam a22001817a 4500 |
| 003 - CONTROL NUMBER IDENTIFIER |
| control field |
OSt |
| 005 - DATE AND TIME OF LATEST TRANSACTION |
| control field |
20251125113509.0 |
| 008 - FIXED-LENGTH DATA ELEMENTS--GENERAL INFORMATION |
| fixed length control field |
251125b ||||| |||| 00| 0 eng d |
| 020 ## - INTERNATIONAL STANDARD BOOK NUMBER |
| International Standard Book Number |
9781910549766 |
| Terms of availability |
RM 56.57 |
| 040 ## - CATALOGING SOURCE |
| Transcribing agency |
KH8 |
| 082 04 - DEWEY DECIMAL CLASSIFICATION NUMBER |
| Classification number |
580 OWE |
| 100 1# - MAIN ENTRY--PERSONAL NAME |
| Personal name |
Owen, Ruth |
| Relator term |
author |
| 245 10 - TITLE STATEMENT |
| Title |
Roots, stems, leaves and flowers |
| Remainder of title |
all about plant parts |
| 264 #1 - PRODUCTION, PUBLICATION, DISTRIBUTION, MANUFACTURE, AND COPYRIGHT NOTICE |
| Place of production, publication, distribution, manufacture |
China by Toppan Leefung |
| Name of producer, publisher, distributor, manufacturer |
Ruby Tuesday Books |
| Date of production, publication, distribution, manufacture, or copyright notice |
2016 |
| 300 ## - PHYSICAL DESCRIPTION |
| Extent |
32 pages |
| Other physical details |
Colour illustration |
| Dimensions |
21 cm x 27 cm |
| 650 #0 - SUBJECT ADDED ENTRY--TOPICAL TERM |
| Topical term or geographic name entry element |
Botany |
| Form subdivision |
Juvenile literature |
| 942 ## - ADDED ENTRY ELEMENTS (KOHA) |
| Source of classification or shelving scheme |
|
| Koha item type |
Books - Non Ficton |